000 00499nam a2200193Ia 4500
008 101110s9999 xx 000 0 und d
041 _aENGLISH
082 _bSR13850
_a658
100 _aSaksena S.C.
245 _aBusiness Administration and Management
365 _b47.15
520 _aCommerce
546 _aENGLISH
630 _aBusiness Administration and Management
650 _aCommerce
655 _aCommerce
730 _aBusiness Administration and Management
942 _cBOOK
999 _c807986
_d807983